Catalogue de très beaux livres illustrés, estampes et sculptures modernes
Descripción Física:
46 pàg. : il. b/n ; 21 cm
Materias:
Fons Joan Junyer i Pascual (1909-1994)
; Llibres il·lustrats d'artistes
; Estampes -- Catàlegs
; Gravat -- Catàlegs
; Escultura -- Catàlegs
; Catàlegs comercials
; Fulletons
Idioma:
French
MARC
| LEADER | 00000nam a22000007a 4500 | ||
|---|---|---|---|
| 001 | 24856 | ||
| 003 | AGDB | ||
| 005 | 20260324181537.0 | ||
| 008 | 251022b fr ||||| |||| 00| 0 fre d | ||
| 245 | |a Catalogue de très beaux livres illustrés, estampes et sculptures modernes | ||
| 260 | |a Genève : |b Galerie Gérald Cramer , |c 1951 | ||
| 300 | |a 46 pàg. : |b il. b/n ; |c 21 cm | ||
| 500 | |a Prové del fons Joan Junyer i Pascual (1909-1994) | ||
| 504 | |a Índex. | ||
| 650 | |a Fons Joan Junyer i Pascual (1909-1994) |9 72777 | ||
| 650 | 0 | |a Llibres il·lustrats d'artistes |2 lemac |9 72640 | |
| 650 | 0 | |a Estampes |v Catàlegs |9 72641 | |
| 650 | 0 | |a Gravat |x Catàlegs |9 20433 | |
| 650 | 0 | |a Escultura |x Catàlegs |9 48323 | |
| 650 | 0 | |a Catàlegs comercials |9 72524 | |
| 655 | 0 | |a Fulletons |9 55858 | |
| 710 | |a Galerie Gérald Cramer (Ginebra, Suïssa) |9 72642 | ||
| 942 | |2 udc |c ARXIU |n 1 | ||
| 952 | |0 0 |1 0 |4 0 |6 F504126 |7 1 |9 98545 |a Arxiu |b Arxiu |d 2025-10-22 |l 0 |o F-504-126 |p 24856 |r 2025-10-22 12:35:48 |w 2025-10-22 |y ARXIU | ||
| 999 | |c 130296 |d 130296 | ||